| 000 | 00787nam a2200229 a 4500 | ||
|---|---|---|---|
| 005 | 20240924064350.0 | ||
| 008 | 991125s1979 bar 000 0 spa u | ||
| 020 | _a8432992127 | ||
| 035 | _aUPN01000055858 | ||
| 049 | _aCG | ||
| 050 | 4 |
_aLB1028.5 _bF4.8 1979 |
|
| 100 | 1 |
_aFerrández, Adalberto _937977 |
|
| 245 | 1 | 0 |
_aTecnología didáctica : _bteoría y práctica de programación escolar / _cAdalberto Ferrández, Jaime Sarramona, Luis Tarín. |
| 260 |
_aBarcelona, Esp. : _bCEAC, _c1979. |
||
| 300 |
_a349 p. : _bil. |
||
| 440 | 0 |
_aEducación y enseñanza. _pUniversitaria |
|
| 650 | 4 |
_aEducación _xPlanificación _91146 |
|
| 650 | 4 |
_aTecnología educativa _94978 |
|
| 700 | 1 |
_aSarramona López, Jaime, _d1944- _ecoaut. _929962 |
|
| 700 | 1 |
_aTarín, Luis, _ecoaut. |
|
| 905 | _aLibro | ||
| 999 |
_c55858 _d55858 |
||